Hodnotenie efektívnosti krajín v oblasti udržateľného cestovného ruchu diplomová práca

Na minha lista:
Detalhes bibliográficos
Autor principal: Lacková, Alexandra
Autor Corporativo: Obchodná fakulta EU. Katedra cestovného ruchu
Outros Autores: Lacko, Roman, 1988-
Formato: Livro
Idioma:eslovaco
Publicado em: Bratislava 2025
Tags: Adicionar Tag
Sem tags, seja o primeiro a adicionar uma tag!

MARC

LEADER 00000nbm a2200000 4500
001 0310213
005 20251118113626.2
041 0 |a slo 
044 |a SK 
245 1 0 |a Hodnotenie efektívnosti krajín v oblasti udržateľného cestovného ruchu  |b diplomová práca  |c Alexandra Lacková ; školiteľ: Roman Lacko 
264 1 |a Bratislava  |c 2025 
300 |a 78 s. 
100 1 |a Lacková, Alexandra 
700 1 |a Lacko, Roman, 1988- 
710 2 |a Obchodná fakulta EU. Katedra cestovného ruchu